Science Quiz

Random Science or Blitz Quiz

Think Fast Math III Quiz Stats

 Plays Quiz Updated Aug 16, 2018

Score 0/12 Timer 01:30
0 Plays Today
Question Answer Wrong Answers
60 and 20 20
83.1%
80
3.9%
1200
3.3%
3
5.4%
2 and 1 0.5
75.2%
1
7.2%
3
10.4%
2
6.5%
28 and 7 7
74.9%
21
2.6%
35
4.9%
196
3.7%
12 and -3 4
73%
9
6.1%
15
14.5%
-36
4.7%
24 and -3 8
71.5%
21
4.4%
27
12.6%
-72
4.1%
18 and 3 16
68.2%
15
4.3%
54
2.9%
6
3.1%
-9 and -9 18
58.8%
0
13.1%
1
15%
81
3.2%
63 and -7 441
55.7%
56
7%
70
10.2%
-9
9.4%
48 and 6 52
54.9%
8
5.3%
42
3%
288
10%
25 and -5 5
50.7%
20
5.4%
30
7.7%
-125
3.6%
6 and 12 60
39.1%
18
3.5%
-6
11.1%
0.5
7.3%
10 and 0.25 -15
34.3%
2.5
7.4%
10.25
4.3%
40
6.2%

You're not logged in!

Compare scores with friends on all Sporcle quizzes.
OR
Log In

Sporcle TV

Today on Sporcle TV


Watch our educational content, quiz creation guides, and fun videos on Sporcle TV.

Show Comments

Extras

Top Quizzes Today


Score Distribution

Your Account Isn't Verified!

In order to create a playlist on Sporcle, you need to verify the email address you used during registration. Go to your Sporcle Settings to finish the process.

Report this User

Report this user for behavior that violates our Community Guidelines.

Details: